000 03154cam a22005894i 4500
003 PE-LiUPU
005 20250731173315.0
008 150616s1975 ag r 000 0 spa d
035 _a(Sirsi) a3740
040 _aPE-LiUPU
_bspa
_cPE-LiUPU
_erda
049 _aPRUA
082 0 4 _a291.42
_bC62
_221
100 1 _aClouzet, Gastón,
_eautor.
245 1 1 _a¿Hacia dónde vamos?.
264 1 _aBuenos Aires :
_bAsociación Casa Editora Sudamericana,
_c1975.
300 _a160 páginas :
_bilustraciones ;
_c22 centímetros
336 _atext
_2rdacontent
337 _aunmediated
_2rdamedia
338 _avolume
_2rdacarrier
490 0 _aColección Una Luz en el Camino ;
_v2
500 _aotra ed.: 1977. (ejemplar 50557 donado para Centro White).
504 _aNotas Bibliograficas.
505 0 _a¿Ciencia o conciencia? -- El libro que cambió el curso de la historia -- El ocaso de la civilización -- La brújula espiritual del hombre -- ¿Quien dominará el mundo: oriente u occidente? -- Las guerras mundiales y su significado -- ¿Qué significa la crisis energética? -- Ante el espectro del hambre -- "Y terremotos en diferentes lugares" -- ¿Por qué se revelan los jóvenes? -- La decadencia del hogar moderno -- Tiempos peligrosos -- Bajo el signo de la violencia -- "Y entonces vendrá el fin" -- ¡Cristo viene! -- ¿Cómo nos podemos preparar para la venida de Jesús? -- El descenlace de la historia.
526 _aSEG42
526 _aSEG41
526 _aSEG40
526 _aSEG39
526 _aP94
526 _aP87
526 _aP86
526 _aP85
526 _aP77
526 _aP76
526 _aP35
650 0 4 _aVIDA CRISTIANA - REFLEXIONES.
910 _ajck
_bjvq
_cjck
910 _ajck
_bncf
_cncf
_d20161018
942 _2ddc
_cBOOK
949 _a291.42 C62
_wDEWEY
_c1
_i14886
_lCCODEBUL1
_mBUL
_p7.00
_r0
_sY
_tBOOK
_u19761027
_xTEOLOGIA
_zUNKNOWN
_0COMPRA
_o.STAFF. Colección Teología
949 _a291.42 C62
_wDEWEY
_c2
_i14885
_lCCODEBUL1
_mBUL
_p7.00
_r0
_sY
_tBOOK
_u2015-04-23
_xBIBLIOTECA
_zUNKNOWN
_0COMPRA
_o.STAFF. Colección Teología
949 _a291.42 C62
_wDEWEY
_c3
_i50557
_lCCODEBUL1
_mBUL
_p7.00
_r0
_sY
_tBOOK
_u2015-04-23
_xBIBLIOTECA
_zUNKNOWN
_0COMPRA
_o.STAFF. Colección Teología
994 _aC0
_bPEPRU
596 _a1
999 _a291.42 C62
_wDEWEY
_c45578
_i14886
_f2021-11-12
_g5
_lCCODEBUL1
_mBUL
_r0
_sY
_tBOOK
_u2015-6-16
_xTEOLOGIA
_zUNKNOWN
_0COMPRA
_o.STAFF. Colección General
_d45578
999 _a291.42 C62
_wDEWEY
_c2
_i14885
_f2021-11-11
_g5
_lCCODEBUL1
_mBUL
_r0
_sY
_tBOOK
_u2015-4-23
_xTEOLOGIA
_zUNKNOWN
_0COMPRA
_o.STAFF. Colección General
999 _a291.42 C62
_wDEWEY
_c3
_i50557
_d2016-4-19
_e2016-4-19
_f2019-12-11
_g4
_lDISCARD
_mBUL
_n1
_p7.00
_r0
_sY
_tBOOK
_u2015-4-23
_xTEOLOGIA
_PP35
_0COMPRA
_o.STAFF. Colección Teología
999 _a291.42 C62
_wDEWEY
_c4
_i75139
_f2021-11-12
_g5
_lCCODEBUL1
_mBUL
_p7.00
_r0
_sY
_tBOOK
_u2016-10-18
_xTEOLOGIA
_PP35
_0COMPRA
_o.STAFF. Colección Teología
980 _81
_gALBERTO SANCHEZ Responsable de Automatización